| 000 | 00341nam a2200145Ia 4500 | ||
|---|---|---|---|
| 005 | 20241122224356.0 | ||
| 008 | 241122s9999||||xx |||||||||||||| ||und|| | ||
| 041 | _aEnglish | ||
| 082 |
_a658.3 _bBEL |
||
| 100 | _aBelcourt, Monica | ||
| 245 | 0 | _aStretegic Human Resources Planning | |
| 260 |
_bCengage _c2010 |
||
| 300 | _a378p. | ||
| 942 | _cBK | ||
| 999 |
_c4274 _d4274 |
||